Normal view MARC view

Entry Personal Name

Number of records used in: 1

001 - CONTROL NUMBER

  • control field: 9957

003 - CONTROL NUMBER IDENTIFIER

  • control field: DLC

005 - DATE AND TIME OF LATEST TRANSACTION

  • control field: 20231127160850.0

008 - FIXED-LENGTH DATA ELEMENTS

  • fixed length control field: 170413n| azannaabn |n aaa

010 ## - LIBRARY OF CONGRESS CONTROL NUMBER

  • LC control number: nb2017008357

035 ## - SYSTEM CONTROL NUMBER

  • System control number: (Uk)009893649

040 ## - CATALOGING SOURCE

  • Original cataloging agency: Uk
  • Language of cataloging: eng
  • Description conventions: rda
  • Transcribing agency: Uk

046 ## - SPECIAL CODED DATES

  • Start period: 20

100 1# - HEADING--PERSONAL NAME

  • Personal name: Gangane, S. D.

370 ## - ASSOCIATED PLACE

  • Associated country: India
  • Source of term: naf

372 ## - FIELD OF ACTIVITY

  • Field of activity: College teaching
  • Field of activity: Human genetics
  • Source of term: lcsh

373 ## - ASSOCIATED GROUP

  • Associated group: Grant Medical College
  • Source of term: naf

373 ## - ASSOCIATED GROUP

  • Associated group: RCSM Government Medical College

374 ## - OCCUPATION

  • Occupation: College teachers
  • Source of term: lcsh

377 ## - ASSOCIATED LANGUAGE

  • Language code: eng

670 ## - SOURCE DATA FOUND

  • Source citation: Human genetics, 2012:
  • Information found: title page (SD Gangane, MBBS, MS (Anatomy), FAIMS. Professor and Head at the Department of Anatomy and Genetic Division, Grant Medical College, Mumbai. Previously Professor and Head at the Department of Anatomy, RCSM Government Medical College, Kolhapur, Maharashtra)

Powered by Koha